Stations de la ligne E du tramway de Grenoble - Statistiques

Statistiques générales
  • Ce quiz a été pris 39 fois
  • Le résultat moyen est 13 sur 17
Statistiques - réponses
Hint Réponse % Correct
A B D Alsace Lorraine
100%
Louise Michel
93%
C Vallier - Libération
86%
Horloge
83%
Fontanil-Cornillon - Palluel
79%
Karben
79%
Saint-Martin-le-Vinoux - Hôtel de Ville
79%
Fiancey Prédieu
76%
Alliés
72%
SNCF La Pinéa - Saint-Robert
72%
Muret
72%
Néron
72%
Pont de Vence
72%
Annie Fratellini - Esplanade
69%
Casamaures Village
66%
Rafour
66%
Estacade Condorcet
48%
Aucun quiz correspondant
Distribution des résultats
% des personnes avec chaque résultat
Percentile par nombre de réponses
Votre historique - résultats
Vous n’avez pas pris ce quiz